Mulk Raj Anand: A reader:Selections from his fictional and non-fictional writings (Record no. 177750)

MARC details
000 -LEADER
fixed length control field 00416nam a2200145Ia 4500
008 - FIXED-LENGTH DATA ELEMENTS--GENERAL INFORMATION
fixed length control field 230917s9999||||xx |||||||||||||| ||und||
040 ## - CATALOGING SOURCE
-- 215787
Original cataloging agency VIVEKANANDA LIBRARY
041 ## - Language
-- English
082 ## - DDC NUMBER
Classification number 820.92 A14M
100 ## - MAIN ENTRY--PERSONAL NAME
Personal name Atma Ram, ed.
245 #0 - TITLE STATEMENT
Title Mulk Raj Anand: A reader:Selections from his fictional and non-fictional writings
260 ## - PUBLICATION, DISTRIBUTION, ETC. (IMPRINT)
Place of publication, distribution, etc New Delhi
Name of publisher, distributor, etc Sahitya Akadami
Date of publication, distribution, etc 2005
300 ## - PHYSICAL DESCRIPTION
Pages xvii, 640 p.
942 ## - ADDED ENTRY ELEMENTS (KOHA)
Koha item type Books
Holdings
Withdrawn status Lost status Damaged status Not for loan Location (home branch) Sublocation or collection (holding branch) Date acquired Koha issues (times borrowed) Koha full call number Accession No. Koha date last seen Koha item type
        VIVEKANANDA LIBRARY VIVEKANANDA LIBRARY 24/04/2014 1 820.92 A14M 337309 16/11/2023 Books
© Designed and Maintained by Vivekananda Library, MDU Rohtak